000 00984nam a22001817a 4500
999 _c59091
_d59091
003 Ge_BSU
005 20221124111334.0
008 221124s1977ge xxu||||| |||| 00| 0 geo d
041 _ageo
080 _a821.152.2-1 შ-81
245 _aშოტლანდიური პოეზია /
_c[შეადგინა, შესავალი წერილი და კომენტარები დაურთო თ. ერისთავმა].
264 _aთბილისი :
_bსაბჭ. საქართველო,
_c1979.
300 _a404 გვ. ;
_b21 სმ.
440 _aმსოფლიო ლიტერატურის ბიბლიოთეკა ; ტ. 29
_916020
653 _aშოტლანდიური პოეზია
700 _aერისთავი, თ
_eშეადგინა, შესავალი წერილი და კომენტარები დაურთო
_916021
942 _2udc
_cBK